| 000 | 00957nam a2200325Ia 4500 | ||
|---|---|---|---|
| 001 | Z_6012 | ||
| 003 | CHAP | ||
| 005 | 20220920191945.0 | ||
| 008 | 220113s1983 xx 000 0 und d | ||
| 010 | _a169225 | ||
| 020 | _a0-444-42052-5 (vol. A3) / 0-444-41836-9 (serie) | ||
| 040 | _cCHAP | ||
| 082 | _a636.0852 D96 | ||
| 245 |
_aDynamic biochemistry of animal production / _ceditor P. M. Riis |
||
| 260 |
_aNetherlands : _bElserviere Science Publishing Company, _c1983 |
||
| 300 | _a599 p. | ||
| 440 |
_aWorld Animal Science; A3 _9143694 |
||
| 503 | _aej.1: 180504 | ||
| 504 | _aIncluye bibliografía | ||
| 650 |
_aEficiencia en la alimentación animal _9143695 |
||
| 650 |
_aFisiología veterinaria _9132539 |
||
| 650 |
_aMetabolismo _975149 |
||
| 650 | _aNutrición animal | ||
| 650 |
_aQuímica biológica _9143696 |
||
| 901 | _a636.0852 D96 | ||
| 902 | _aM | ||
| 910 | _a1983 | ||
| 942 |
_cLIBRO _2ddc |
||
| 942 |
_cLIBRO _2ddc |
||
| 999 |
_c169225 _d169225 |
||